书目信息 |
| 题名: |
先进制造技术基础
|
|
| 作者: | 国家自然科学基金委员会(编著) | |
| 分册: | ||
| 出版信息: | 北京 高等教育出版社 1998.08 |
|
| 页数: | 281页 | |
| 开本: | 32开 | |
| 丛书名: | ||
| 单 册: | ||
| 中图分类: | TB1 | |
| 科图分类: | ||
| 主题词: | 工业技术--新技术--基础理论 , 新技术--基础理论 | |
| 电子资源: | ||
| ISBN: | 7-04-006896-6 | |
| 000 | 00691nam0 2200205 45 | |
| 001 | 0105170951 | |
| 005 | 20031219104049.7 | |
| 010 | @a7-04-006896-6@dCNY29.50 | |
| 100 | @a20010517d1998 km y0chiy0120 ea | |
| 101 | 0 | @achi |
| 105 | @a z 000yy | |
| 200 | 1 | @a先进制造技术基础@AXian Jin Zhi Zao Ji Shu Ji Chu@f国家自然科学基金委员会[编著]@FGuo Jia Zi Ran Ke Xue Ji Jin Wei Yuan Hui[Bian Zhu] |
| 210 | @a北京@c高等教育出版社@a德国@c施普林格出版社@d1998.08 | |
| 215 | @a281页@d32开 | |
| 606 | 0 | @a工业技术@x新技术@x基础理论 |
| 606 | 0 | @a新技术@x基础理论 |
| 690 | @aTB1@v4 | |
| 701 | @a国家自然科学基金委员会(编著) | |
| 801 | @aCN@bTSTC@c20010517 | |
| 905 | @a213230@b297100-102@dTB1@e20@f3 | |
| 先进制造技术基础/国家自然科学基金委员会[编著].-北京:高等教育出版社;德国:施普林格出版社,1998.08 |
| 281页;32开 |
| ISBN 7-04-006896-6:CNY29.50 |
| ● |
| 相关链接 |
|
|
|
|
正题名:先进制造技术基础
索取号:TB1/20
 
预约/预借
| 序号 | 登录号 | 条形码 | 馆藏地/架位号 | 状态 | 备注 |
| 1 | 0297100 | 202971007 | 第三借阅区/ [索取号:TB1/20] | 在馆 | |
| 2 | 0297101 | 202971016 | 第三借阅区/ [索取号:TB1/20] | 在馆 | |
| 3 | 0297102 | 202971025 | 第二样本阅览室/ [索取号:TB1/20] | 在馆 |